000 00586nam a2200241 a 4500
001 0001-1290
003 ELIB.Books
008 150702 2010 eng
020 _a0801043352
035 _a(ELIB.Books)0001-1445
092 _a251
_bHav
100 _aHavner, Vance.
245 _aIn Tune With Heaven
260 _aGrand Rapids
_bBaker Book House
_c1990
300 _a261
_c22 Cm
500 _aLibrary
650 _aPreaching
856 _nKBTS: Library
_uKBTS: Elib
942 _2ddc
_cBK
990 _a1
998 _cbat
_e2015-07-02
999 _c11290
_d11290